<?xml version="1.0" encoding="UTF-8"?>
<record
    xmlns:xsi="http://www.w3.org/2001/XMLSchema-instance"
    xsi:schemaLocation="http://www.loc.gov/MARC21/slim http://www.loc.gov/standards/marcxml/schema/MARC21slim.xsd"
    xmlns="http://www.loc.gov/MARC21/slim">

  <leader>01933    a2200229   4500</leader>
  <controlfield tag="001">46004</controlfield>
  <controlfield tag="005">20260407155733.0</controlfield>
  <controlfield tag="008">260407a1981    arg                 spa d</controlfield>
  <controlfield tag="003">AR-UNSa-BCEJYS</controlfield>
  <datafield tag="040" ind1=" " ind2=" ">
    <subfield code="a">AR-UNSa-BCEJYS</subfield>
    <subfield code="b">spa</subfield>
    <subfield code="c">AR-UNSa-BCEJYS</subfield>
  </datafield>
  <datafield tag="080" ind1=" " ind2=" ">
    <subfield code="a">330.14</subfield>
    <subfield code="x">Capital</subfield>
  </datafield>
  <datafield tag="245" ind1="1" ind2="0">
    <subfield code="a">El capital 4</subfield>
    <subfield code="p">cr&#xED;tica de la econom&#xED;a pol&#xED;tica</subfield>
  </datafield>
  <datafield tag="264" ind1=" " ind2="1">
    <subfield code="a">M&#xE9;xico :</subfield>
    <subfield code="b">Grijalbo</subfield>
    <subfield code="c">1981</subfield>
  </datafield>
  <datafield tag="300" ind1=" " ind2=" ">
    <subfield code="a">146 p.</subfield>
    <subfield code="c">23 cm.</subfield>
  </datafield>
  <datafield tag="505" ind1=" " ind2=" ">
    <subfield code="a">VOL. IV. Libro Primero: EL PROCESO DE LA PRODUCCI&#xD3;N DEL CAPITAL: Secci&#xF3;n Tercera: LA PRODUCCI&#xD3;N DE LA PLUSVALIA ABSOLUTA: Cap&#xED;tulo quinto: Proceso de trabajo y proceso de valorizaci&#xF3;n: 1. Proceso de trabajo &#x2013; 2. Proceso de valorizaci&#xF3;n  - -  Capitulo sexto: Capital constante y capital variable  - -  Cap&#xED;tulo s&#xE9;ptimo: La cuota de la plusval&#xED;a: 1. El grado de explotaci&#xF3;n de la fuerza de trabajo &#x2013; 2. Exposici&#xF3;n del valor del producto en partes proporcionales del producto &#x2013; 3. La &#x201C;ultima hora&#x201D; de Senior &#x2013; 4. El plusproducto  - -  Cap&#xED;tulo octavo: La jornada de trabajo: 1. Los l&#xED;mites de la jornada de trabajo &#x2013; 2. El hombre voraz del plustrabajo. Fabricante y boyardo &#x2013; 3. Ramas industriales inglesas sin limitaci&#xF3;n legal de la explotaci&#xF3;n &#x2013; 4. Trabajo diurno y nocturno. El sistema de turnos &#x2013; 5. La lucha por la jornada de trabajo desde la mitad del siglo XIV hasta el final del siglo XVIII &#x2013; 6. La lucha por la jornada de trabajo normal. Limitaci&#xF3;n del tiempo de trabajo por la fuerza de la ley. La legislaci&#xF3;n fabril inglesa de 1833-1864 &#x2013; 7. La lucha por la jornada de trabajo normal. Repercusi&#xF3;n de la legislaci&#xF3;n fabril inglesa en otros pa&#xED;ses  - -  Capitulo noveno: Cuota y masa de la plusval&#xED;a. </subfield>
  </datafield>
  <datafield tag="041" ind1=" " ind2=" ">
    <subfield code="a">spa</subfield>
  </datafield>
  <datafield tag="942" ind1=" " ind2=" ">
    <subfield code="c">BK</subfield>
  </datafield>
  <datafield tag="590" ind1=" " ind2=" ">
    <subfield code="a">niveau_biblio:m niveau_hierar:0</subfield>
  </datafield>
  <datafield tag="100" ind1="1" ind2=" ">
    <subfield code="a">Sacrist&#xE1;n, Manuel</subfield>
  </datafield>
  <datafield tag="700" ind1="1" ind2=" ">
    <subfield code="a">Marx, Carlos</subfield>
  </datafield>
  <datafield tag="856" ind1="4" ind2="1">
    <subfield code="u">https://www.biblioeco.unsa.edu.ar/pmb/images/libros/L127241.jpg</subfield>
    <subfield code="y">Imagen de portada</subfield>
    <subfield code="q">image/jpeg</subfield>
  </datafield>
  <datafield tag="999" ind1=" " ind2=" ">
    <subfield code="c">4106</subfield>
    <subfield code="d">4106</subfield>
  </datafield>
  <datafield tag="952" ind1=" " ind2=" ">
    <subfield code="0">0</subfield>
    <subfield code="1">0</subfield>
    <subfield code="4">0</subfield>
    <subfield code="7">0</subfield>
    <subfield code="a">BCEJYS</subfield>
    <subfield code="b">BCEJYS</subfield>
    <subfield code="c">16</subfield>
    <subfield code="d">2026-04-07</subfield>
    <subfield code="l">0</subfield>
    <subfield code="o">330.14 M392e v.4</subfield>
    <subfield code="p">L127241</subfield>
    <subfield code="r">2026-04-07 15:57:33</subfield>
    <subfield code="w">2026-04-07</subfield>
    <subfield code="y">L</subfield>
  </datafield>
</record>
